000 00261nam a22001337a 4500
020 _a9780669113654
041 _aeng
080 _a55
090 _bTIL
100 _aTillery, Bill W.
245 _aEarth Science.
650 _aCountry Studies
999 _c281395
_d281395
942 _cBK